000 00602nam a22001817a 4500
003 CEME
005 20210628210018.0
008 210208b xxu||||| |||| 00| 0 eng d
020 _a81-203-1473-5
040 _c.
082 _a621.382 SIM
100 _aLindsey, William C Hinedi, Sarmi M Simon, Marvin K
_977821
245 _aDigital communication techniques signal design and detection
260 _aNEW DELHI
_bPRENTICE HALL OF INDIA
_c1999
300 _a888P
650 _aDIGITAL COMMUNICATION TECHNIQUES.SIGNAL DESIGN AND DETECTION.COMMUNICATION SYSTEM ARCHITECTURE
_977822
942 _cBK
_2ddc
999 _c583032
_d583032